| 000 | 00852nam a22002297a 4500 | ||
|---|---|---|---|
| 001 | 47193 | ||
| 003 | BD-RjUL | ||
| 005 | 20211209054255.0 | ||
| 008 | 160807s2002 bg ||||| |||| 00| 0 ben d | ||
| 020 | _c: TK 150.00 | ||
| 035 | _a(BD-RjUL)47312 | ||
| 040 |
_aBD-RjUL _bben _cBD-RjUL |
||
| 041 | _aben | ||
| 082 |
_223 _a320.95492 _bBNP 2002 |
||
| 245 | 0 | 0 |
_aবিএনপি'র রাজনীতি : _bউন্নতি ও অগ্রগতি / |
| 260 |
_aঢাকা : _bরহমান বুকস, _c২০০২ |
||
| 300 |
_a২০৩ পৃ. ; _c২১ সেমি. |
||
| 650 |
_aসরকার ও রাজনীতি _zবাংলাদেশ _9143701 |
||
| 650 |
_aPolitics & Government _zBangladesh _9143702 |
||
| 700 |
_aইকবাল, কাউছার, সম্পাদনা _9143703 |
||
| 942 |
_2ddc _cBK |
||
| 999 |
_c47193 _d47193 |
||